| 000 | 01880nam a2200349 a 4500 | ||
|---|---|---|---|
| 999 |
_c333059 _d333059 |
||
| 003 | BLK | ||
| 005 | 20241119161242.0 | ||
| 008 | 190717b bu ||||| |||| 00| 0 bu d | ||
| 020 | _a9789548467261 | ||
| 040 | _aBLK | ||
| 041 |
_aBUL _cBUL |
||
| 080 |
_aФизическо възпитание в основното училище _b372.879.6 _z372.879.6 |
||
| 100 | 1 |
_9268071 _aМомчилова, Антоанета Иванова _eпърви автор |
|
| 139 |
_aМомчилова, Антоанета Иванова _bМ 84 |
||
| 245 |
_aМетодическо ръководство за обучение по физическо възпитание и спорт в начална училищна възраст _bза студенти със специалности Начална училищна педагогика и чужд език и Предучилищна и начална училищна педагогика |
||
| 260 |
_9213398 _aРусе : Русенски унив. "Ангел Кънчев" _bМедиатех _c2011 г. _d978-954-8467, 978-954-92342, 978-954-92424 _n978-619-207- ; 978-954-8467- ; 978-619-7071- ; 954-91714- |
||
| 300 |
_a173 с. _bс табл. _c22 см |
||
| 380 | _a3 | ||
| 500 | _aИзд. на Русенски унив. А. Кънчев | ||
| 653 | 7 |
_9199104 _aучебници за ВУЗ |
|
| 653 | 7 |
_9195871 _aРусенски университет |
|
| 653 | 7 |
_9190921 _aметодики |
|
| 700 |
_aИлиева, Искра Стефанова _cгл. ас. д-р _eсъавт. _91445 |
||
| 700 |
_91311 _aМомчилова, Антоанета _eред. |
||
| 700 |
_9389548 _aФилев, Филип _cпроф. _eрецензент |
||
| 852 | _aЦб 295942 | ||
| 942 |
_cKNG _n0 _013 |
||
| 944 |
_aCR _c2019-07-17 _k30531 _lЦветелина Шанова |
||
| 999 | _d333059 | ||
| 999 | _d333059 | ||
| 999 | _d333059 | ||